Kríza na Ukrajine a jej vplyv na obchodnú orientáciu Ukrajiny

Súčasný makroekonomický vývoj na Ukrajine. Politické špecifiká v rámci vzťahov medzi Ruskom, Ukrajinou a Európskou úniou, ktoré majú vplyv na formovanie politického a hospodárskeho prostredia na Ukrajine. Vplyv krízy na Ukrajine na obchodnú orientáciu Ukrajiny. Vývoj exportu a importu medzi rokmi 20...

Descripción completa

Guardado en:
Detalles Bibliográficos
Autor principal: Bebiaková, Dáša
Formato: Capítulo de libro
Lenguaje:eslovaco
Materias:
Etiquetas: Agregar Etiqueta
Sin Etiquetas, Sea el primero en etiquetar este registro!

MARC

LEADER 00000nla a2200000 4500
001 0199299
005 20240502073353.9
041 0 |a slo 
044 |a SK 
245 1 0 |a Kríza na Ukrajine a jej vplyv na obchodnú orientáciu Ukrajiny  |c Dáša Bebiaková 
520 |a Súčasný makroekonomický vývoj na Ukrajine. Politické špecifiká v rámci vzťahov medzi Ruskom, Ukrajinou a Európskou úniou, ktoré majú vplyv na formovanie politického a hospodárskeho prostredia na Ukrajine. Vplyv krízy na Ukrajine na obchodnú orientáciu Ukrajiny. Vývoj exportu a importu medzi rokmi 2012 a 2013. Komoditná a teritoriálna štruktúra zahraničného obchodu. Pre Ukrajinu predstavuje dosiahnutie bezpečnostnej a politickej stability jediný možný kľúč k odvráteniu totálneho kolapsu štátu, ktorý jej v bezprostrednej budúcnosti hrozí. 
610 2 0 |a Ukrajina 
610 2 0 |a kríza politická 
610 2 0 |a makroekonomika 
610 2 0 |a obchod zahraničný 
610 2 0 |a dovoz 
610 2 0 |a vývoz 
610 2 0 |a produkt domáci hrubý 
100 1 |a Bebiaková, Dáša